Manual Práctico del Cuidado y Reparación del Automóvil
| Main Author: | |
|---|---|
| Format: | Section = Libro |
| Language: | Undetermined Spanish |
| Published: |
México
Continental
1976
|
| Subjects: |
| LEADER | 00494nam a2200169Ia 4500 | ||
|---|---|---|---|
| 008 | 240829s9999 xx 000 0 und d | ||
| 040 | |a BIBLIOTECA-RUPAP Ref 629.287 W476 | ||
| 041 | |a spa | ||
| 082 | |a Ref 629.287 W476 | ||
| 100 | 1 | |a Wenner, David N. | |
| 245 | 1 | 0 | |a Manual Práctico del Cuidado y Reparación del Automóvil |
| 260 | |a México |b Continental |c 1976 | ||
| 300 | |a 168 p. :il. | ||
| 650 | 7 | |a AUTOMOVILES - CUIDADO Y REPARACION. I. Tít. | |
| 942 | |c BK |2 ddc | ||
| 991 | |a TEXTO | ||
| 999 | |c 10381 | ||